00794nam a2200217Ia 4500999001500000020001800015082002200033100002000055245006600075260004200141300001500183504001900198650004200217650003800259650006200297650003000359650003000389700002200419942000700441952012800448 c3760d3760 a0-19-924525-8 aRR 346.04803 INT; aIlardi, Alfredo 0aInternational encyclopaedia of intellectual property treaties aOxfordbOxford University Pressc2004 axx, 1353p. aIncludes index aIntellectual property - Encyclopedias aInternational law - Encyclopedias aIntellectual property (International law) - Encyclopedias aCopyright - Encyclopedias aCommercial property right aBlakeney, Michael cBK 00104070aNASSDOCbNASSDOCd2004-11-03eSSSi2004-10-22l0oRR 346.04803 INT;p40077r2019-04-18 00:00:00w2019-04-18yBK